000 01310nam a2200301 c 4500
003 BLK
005 20231220005225.0
008 180409b bul|||||r ||||||| ||bul||
010 _aKNG00110633000
020 _a954-8560-72-0
_bиздат.: Парнас
040 _aBLK
041 _aBUL
_cBUL
080 _aБългарска литература
_b821.163.2
_x-93-34
_z821.163.2-93-34
100 1 _aДимитров, Атанас
_eпърви автор
_9253817
700 _aБалканджиев, Огнян Георгиев
_9364857
139 _aДимитров, Атанас
_bД 58
245 1 0 _aВесели Коледни приказки
_bЦветята на Баба Зима ; Гарджокът Джоко и ботушките ; Приключения в снежната гора ( В търсене на златното съкровище)
_cАтанас Димитров; худож. Огнян Балканджиев.
257 _aBGR
260 Русе
_bПарнас
_c2003
_fРусе : Авангар принт
300 _a32 с.
_bс цв. ил.
_c24 см
380 _aDX
852 _aЦб 217737
856 4 _qpdf
_u
856 4 _qpdf
_u
942 _cKNG
_n0
_09
944 _aCR
_c29.01.2004
_k
_lCRON CRON
944 _aED
_c21.02.2007
_k
999 _c105410
_d105410